000 00584nam a2200169Ia 4500
008 090124s9999 xx 000 0 und d
082 _b26848
_a3516
100 _aभोमे सुहास
245 _a प्रभावी भाषणे कशी करावीत
250 _a0
300 _a216
600 _aभोमे सुहास
630 _a प्रभावी भाषणे कशी करावीत
700 _aभोमे सुहास
730 _a प्रभावी भाषणे कशी करावीत
942 _cBOOK
999 _c140320
_d140320